Joe Diffie Songs - Statistics

General Stats
  • This quiz has been taken 9 times
  • The average score is 2 of 5
Answer Stats
Hint Answer % Correct
4 Pickup Man
88%
1 Home
38%
3 Third Rock From The Sun
38%
5 Bigger Than The Beatles
25%
2 If The Devil Danced (In Empty Pockets)
0%
No matching quizzes found
Score Distribution
Percent of People with Each Score
Percentile by Number Answered
Your Score History
You have not taken this quiz